Cartagena (Record no. 41440)

MARC details
000 -LEADER
campo de control de longitud fija 00450nam a2200145 i 4500
001 - NÚMERO DE CONTROL
campo de control 41440
003 - IDENTIFICADOR DE NÚMERO DE CONTROL
campo de control ES-MaACL
007 - CAMPO FIJO DE DESCRIPCIÓN FÍSICA--INFORMACIÓN GENERAL
campo de control de longitud fija t|
008 - DATOS DE LONGITUD FIJA--INFORMACIÓN GENERAL
campo de control de longitud fija 030310s1928 sp ||||1| spa d
100 1# - ENTRADA PRINCIPAL--NOMBRE DE PERSONA
Nombre de persona Casal Martínez, Federico.
9 (RLIN) 36056
245 10 - MENCIÓN DEL TÍTULO
Título Cartagena
Resto del título : sus procesiones y sus cofradías /
Mención de responsabilidad, etc. Federico Casal Martínez.
260 ## - PUBLICACIÓN, DISTRIBUCIÓN, ETC.
Lugar de publicación, distribución, etc. Cartagena :
Nombre del editor, distribuidor, etc. [s.n.],
Fecha de publicación, distribución, etc. 1928 (
Fabricante Levantina de Artes Gráficas)
300 ## - DESCRIPCIÓN FÍSICA
Extensión 24 p. ;
Dimensiones 23 cm.
852 ## - LOCALIZACIÓN
Ubicación ES-MaACL
Número de control de estantería G-13851
Holdings
Estatus retirado Estado de pérdida Estado de daño No para préstamo Biblioteca de origen Biblioteca actual Ubicación en estantería Fecha de adquisición Fuente de adquisición Total de préstamos Signatura topográfica completa Código de barras Visto por última vez Precio de reemplazo Tipo de ítem Koha
        Biblioteca del Ateneo de Madrid Biblioteca del Ateneo de Madrid Sala Pecera Planta 3 17/01/2008     G-13851 1043626 23/02/2023 23/02/2023 Libro impreso